| 000 | 00446nam a2200181 a 4500 | ||
|---|---|---|---|
| 001 | 1754983874607 | ||
| 003 | ACL | ||
| 005 | 20250812130359.0 | ||
| 008 | 250812s2001##################000#0#eng## | ||
| 020 | _a9780714841199 | ||
| 082 | 0 | 4 |
_a709.7303 _bPHA |
| 100 | 1 |
_aPress, Editors of Phaidon, _eauthor. |
|
| 245 | 1 | 0 | _aThe American Art Book : |
| 260 |
_bPhaidon Press, _c2001. |
||
| 650 | 0 | _aArt. | |
| 942 | _cENGLISH | ||
| 040 |
_aACL _beng _cACL |
||
| 999 |
_c581274 _d581274 |
||